000 01024nam a22002417a 4500
001 9557
003 FISKH
005 20260123124051.0
008 260123b cb ||||| |||| 00| 0 eng d
020 _a9780141182674
040 _aFISKH
_beng
_cFISKH
_dFISKH
050 _aPS3521 .E735 .O5
082 _a813.54
100 _aKerouac , Jack
245 _aOn the road /
_cBy Jack Kerouac : Introduction by Ann Charters
260 _aLondon :
_bPenguin Books ,
_c1955 , 1957 ,
300 _a280 pages :
_billustrations ;
_c20 cm .
520 _aFollows the counterculture escapades of members of the Beat generation as they seek pleasure and meaning while traveling coast to coast. As he travels across 1950s America, aspiring writer Sal Paradise chronicles his escapades with the charismatic Dean Moriarty. Sal admires Dean's passion for experiencing as much as possible of life and his wild flights of poetic fancy.
650 _aTravel
_vFiction
650 _aDrugs
_vFiction
942 _2ddc
_cBK
_n0
999 _c9557
_d9557